Svéd fiatalok látogatása Szegeden
Elmentve itt :
| Szerző: | |
|---|---|
| Dokumentumtípus: | Cikk |
| Megjelent: |
1978-09-29
|
| Sorozat: | Délmagyarország
68 No. 230 |
| Kulcsszavak: | külföldi politikusok látogatásai |
| Online Access: | http://dmarchiv.bibl.u-szeged.hu/112583 |
| LEADER | 00481nab a2200157 i 4500 | ||
|---|---|---|---|
| 001 | delm112583 | ||
| 005 | 20190516115518.0 | ||
| 008 | 190516s1978 hu o 0|| hun d | ||
| 040 | |a SZTE Délmagyarország Archívum |b hun | ||
| 041 | |a hun | ||
| 100 | 1 | |a Gyenes Kálmán | |
| 245 | 1 | 0 | |a Svéd fiatalok látogatása Szegeden |h [elektronikus dokumentum] / |c Gyenes Kálmán |
| 260 | |c 1978-09-29 | ||
| 300 | |a 3 | ||
| 490 | 0 | |a Délmagyarország |v 68 No. 230 | |
| 695 | |a külföldi politikusok látogatásai | ||